00416nam a2200181Ia 4500003000900000008004100009040001300050040001300063041000800076100001300084245008300097250001000180260000800190260000900198300001100207300001000218490000600228IT-RoPAU120407s9999 xx 000 0 und d aIT-RoPAU cIT-RoPAU aita aPaolo VI aNoi siamo con voi. Paolo VI all’Azione Cattolica. Discorsi 1967-1977 2a ed. aRoma  aAve c1977 a141 p. c22 cm v1